[Event "Autumn Cup"]
[Site "Wellington Chess Club"]
[Date "2022.05.19"]
[Round "1.1"]
[White "Dive, Russell"]
[Black "Cilia Vincenti, David"]
[Result "0-1"]
[WhiteElo "2394"]
[BlackElo "2194"]

1. Nf3 d5 2. c4 e6 3. g3 Nf6 4. Bg2 dxc4 5. O-O a6 6. a4 Nc6 7. a5 e5 8. Qa4
Bd6 9. Na3 e4 10. Ng5 Bf5 11. Nxc4 O-O 12. Ne3 Bg6 13. Nxe4 Nxe4 14. Bxe4 Bxe4
15. Qxe4 Re8 16. Qg4 Ne5 17. Qa4 Qc8 18. Kg2 b5 19. axb6 cxb6 20. Qe4 b5 21.
Qd5 Bf8 22. d3 Ra7 23. Bd2 Rd7 24. Rfc1 Qb8 25. Qb3 Qb7+ 26. Kg1 Rxd3 27. Bc3
Rdd8 28. Rd1 Nc6 29. Rxd8 Rxd8 30. Nd5 b4 31. e4 Qb5 32. Be1 Nd4 33. Qd1 Bc5
34. Kg2 a5 35. f3 a4 36. Bf2 Ne6 37. Bxc5 Qxc5 38. Rxa4 f5 39. Qb3 Nd4 40. Qxb4
Qc2+ 41. Kh3 Nxf3 42. exf5 Qxf5+ 43. Qg4 Qxd5 44. Ra7 Ng5+ 45. Kh4 h6 46. Qf4
Rf8 47. Qc7 Nf3+ 48. Kh3 Ng1+ 0-1

[Event "Autumn Cup"]
[Site "Wellington Chess Club"]
[Date "2022.05.19"]
[Round "1.1"]
[White "Enegbuma, Wallace"]
[Black "Brockway, Andrew"]
[Result "1-0"]
[WhiteElo "1765"]
[BlackElo "1723"]

1. e4 e5 2. Nf3 Nc6 3. Bc4 Bc5 4. O-O Nf6 5. d3 h6 6. c3 d6 7. h3 a6 8. Be3
Bxe3 9. fxe3 Qe7 10. Nbd2 O-O 11. Bb3 Be6 12. Bc2 Bd7 13. Qe2 Nh7 14. Rf2 Nd8
15. Raf1 Ne6 16. Kh2 Nhg5 17. Bb3 Nc5 18. Bc2 Nce6 19. Ng1 Nh7 20. Qh5 Qg5 21.
Qe2 Qe7 22. Rf3 Neg5 23. Rg3 Nf6 24. h4 Ngh7 25. Bb3 h5 26. Ndf3 Ng4+ 27. Kh1
Be6 28. Bxe6 Qxe6 29. b3 Qh6 30. Re1 f5 31. exf5 Rxf5 32. Nh3 Qf6 33. e4 Rf4
34. Nxf4 Qxf4 35. Rh3 Nhf6 36. Kg1 Qh6 37. Ng5 Qg6 38. Rf1 Qe8 39. Rhf3 Qc6 40.
Qd2 Qc5+ 41. d4 Qb6 42. Qd3 Re8 43. Kh1 Qc6 44. d5 Qb6 45. Qd2 Qa7 46. Re1 Qb8
47. Ne6 Qc8 48. Qg5 Rxe6 49. dxe6 Qxe6 50. c4 Qd7 51. Qg6 Qe7 52. Ref1 Qd8 53.
Qf5 Qe8 54. g3 Nh6 55. Qg5 Nhg4 56. Rxf6 Nxf6 57. Rxf6 Qd7 58. Rf5 Qc6 59. Qe3
Qe8 60. Qf3 Qg6 61. Rxh5 1-0

[Event "Autumn Cup"]
[Site "Wellington Chess Club"]
[Date "2022.05.19"]
[Round "1.1"]
[White "Langford, Josh"]
[Black "Zaslow, Henry"]
[Result "1-0"]
[WhiteElo "1969"]
[BlackElo "1938"]

1. e4 e5 2. Nf3 Nc6 3. Bc4 Nf6 4. Ng5 { never played this before but wanted to
mix it up } 4... d5 5. exd5 Na5 6. Bb5+ c6 7. dxc6 bxc6 8. Bd3 Bc5 9. O-O O-O
10. Ne4 $6 { not great, i underestimated the power of f5 } 10... Nxe4 11. Bxe4
f5 12. Bf3 e4 13. Be2 f4 14. d3 $4 f3 $1 { weeeeeeeeeeeeee } 15. gxf3 Bh3 16.
Re1 $4 e3 $6 { WEEEEEEEEEEEEEEE }  (16... Bxf2+ $1 { is the cleanest } 17. Kxf2
Qh4+ 18. Kg1 exf3 19. Bxf3 Rxf3 $19) 17. Kh1 exf2 18. Rf1 Bxf1 19. Qxf1 Qh4 20.
Nc3 Rxf3 $4 { :hmm: trying to be too fancy } 21. Bxf3 Bd6 22. Bf4 $1 { it
almost works, but Bf4 stops it }  (22. Qg2 f1=R+ 23. Qxf1 Qxh2#) 22... Qxf4 $2
{ f2 hangs } 23. Qxf2 Rf8 { Henry offered a draw } 24. Rf1 Nb7 25. Ne4 Be5 26.
c3 Nd6 27. Nc5 Qf5 28. d4 Bf4 29. Bxc6 Nc4 30. Qxf4 $1 { simplifying } 30...
Qxf4 31. Rxf4 { 1-0 with Bd5+ to follow } 1-0

[Event "Autumn Cup"]
[Site "Wellington Chess Club"]
[Date "2022.05.19"]
[Round "1.1"]
[White "Rossiter, Philip"]
[Black "Miller, Jackson"]
[Result "1-0"]
[WhiteElo "1779"]
[BlackElo "1312"]

1. Nf3 d5 2. b3 c5 3. e3 Nc6 4. Bb5 e6 5. Bb2 Bd7 6. d3 a6 7. Bxc6 Bxc6 8. Nbd2
Nf6 9. Ne5 Bd6 10. f4 O-O 11. O-O Nd7 12. Qg4 Bxe5 13. fxe5 f5 14. exf6 Nxf6
15. Qxe6+ Kh8 16. Bxf6 Rxf6 17. Rxf6 Qxf6 18. Qxf6 gxf6 19. Rf1 Kg7 20. Rf4 Re8
21. Kf2 Kg6 22. g3 Re5 23. Nf3 Re6 24. h4 b5 25. Nd2 a5 26. e4 c4 27. exd5 Bxd5
28. dxc4 bxc4 29. Nxc4 Re4 30. Rxe4 Bxe4 31. Nxa5 Bxc2 32. b4 Bd3 33. a4 Bc2
34. b5 1-0

[Event "Autumn Cup"]
[Site "Wellington Chess Club"]
[Date "2022.05.19"]
[Round "1.1"]
[White "Winsley, Nicholas"]
[Black "Young, Cohen"]
[Result "1-0"]
[WhiteElo "1882"]
[BlackElo "1860"]

1. d4 d5 2. Nf3 Nf6 3. e3 c5 4. b3 Nc6 5. Bd3 Bg4 6. Bb2 cxd4 7. exd4 e6 8.
Nbd2 Bd6 9. O-O O-O 10. h3 Bh5 11. g4 Bg6 12. Bxg6 hxg6 13. Ne5 Qb6 14. Ndf3
Ne4 15. Nd7 Qc7 16. Nxf8 Kxf8 17. c4 Ke7 18. cxd5 exd5 19. Ne5 Rh8 20. Kg2 Ng5
21. Qd2 Ne4 22. Qf4 Kf8 23. Ba3 Kg8 24. Bxd6 Nxd6 25. Rac1 Ne4 26. Nxg6 Qxf4
27. Nxf4 Ng5 28. Nxd5 1-0

[Event "Autumn Cup"]
[Site "Wellington Chess Club"]
[Date "2022.05.19"]
[Round "1.2"]
[White "Aldridge, Alan"]
[Black "Lawrence, Hugo"]
[Result "1-0"]
[WhiteElo "1777"]
[BlackElo "1767"]

1. e4 Nf6 2. Nc3 e5 3. Nf3 Nc6 4. a3 d5 5. exd5 Nxd5 6. d3 Bg4 7. Be2 Be7 8.
Nxe5 Bxe2 9. Qxe2 Nd4 10. Qd1 O-O 11. Nxd5 Qxd5 12. Nf3 Nxf3+ 13. Qxf3 Qxf3 14.
gxf3 Rfe8 15. Be3 Bg5 16. Kd2 Bh6 17. h3 Re6 18. Rae1 Rf6 19. f4 Bxf4 20. Bxf4
Rxf4 21. Re7 Rxf2+ 22. Kc3 Rf6 23. Rhe1 Re6 24. R1xe6 fxe6 25. Rxc7 Rb8 26. Kd4
b5 27. Rxa7 h5 28. Ke5 Rb6 29. b4 g5 30. c4 bxc4 31. dxc4 g4 32. hxg4 h4 33.
Rd7 1-0

[Event "Autumn Cup"]
[Site "Wellington Chess Club"]
[Date "2022.05.19"]
[Round "1.2"]
[White "Croad, Nicolas"]
[Black "Ker, Anthony"]
[Result "0-1"]
[WhiteElo "2441"]
[BlackElo "2443"]

1. e4 c5 2. Nf3 g6 3. d4 cxd4 4. Qxd4 Nf6 5. Nc3 Nc6 6. Qa4 d6 7. e5 Ng4 8. Bb5
Bg7 9. exd6 O-O 10. O-O Qxd6 11. Rd1 Qc5 12. Ne4 Qb6 13. h3 Nge5 14. Nxe5 Nxe5
15. Be3 Qc7 16. c3 a6 17. Be2 Bf5 18. Ng5 h6 19. Nf3 b5 20. Qa3 Rfe8 21. Nxe5
Qxe5 22. Bf3 Be4 23. Bxe4 Qxe4 24. Rd7 a5 25. Re1 b4 26. Qa4 Qf5 27. c4 Bxb2
28. Rd5 Qc8 29. Rc5 Qa6 30. Bxh6 Bc3 31. Rd1 Rec8 32. Rdd5 Rxc5 33. Rxc5 Qf6
34. Bg5 Qe6 35. Be3 Qe4 36. Rxa5 Rxa5 37. Qxa5 Qxc4 38. g3 Kg7 39. Qa7 e5 40.
Qa4 Bd4 41. Qb3 Qe2 42. h4 Bxe3 43. Qxe3 Qxa2 44. Qxe5+ Kh7 45. h5 Qe6 46.
hxg6+ Kxg6 47. Qb8 b3 48. Qg8+ Kf5 49. Qh7+ Ke5 50. Qd3 Qd5 51. f4+ Kd6 52.
Qa6+ Kc5 53. Kf2 Qd4+ 54. Kf3 b2 55. Qa7+ Kc4 56. Qa4+ Kc3 57. Qa3+ Kc2 58. Qa2
Qd3+ 0-1

[Event "Autumn Cup"]
[Site "Wellington Chess Club"]
[Date "2022.05.19"]
[Round "1.2"]
[White "Forster, Bill"]
[Black "Tanoi, Edward"]
[Result "1/2-1/2"]
[WhiteElo "2034"]
[BlackElo "2045"]

1. e4 c5 2. Nf3 Nc6 3. Bd3 d6 4. h3 a6 5. c3 g6 6. O-O Bg7 7. Re1 Nf6 8. Bc2
O-O 9. d4 Qc7 10. Be3 cxd4 11. cxd4 e5 12. Nc3 exd4 13. Nxd4 Ne5 14. Rc1 Nc4
15. Bb3 Nxe3 16. Rxe3 Bh6 17. Nd5 Qd8 18. Nxf6+ Qxf6 19. Rf3 Qe7 20. Rc2 Bg7
21. Bd5 Be6 1/2-1/2

[Event "Autumn Cup"]
[Site "Wellington Chess Club"]
[Date "2022.05.19"]
[Round "1.2"]
[White "Lyall, Gordon"]
[Black "Archer, Ollie"]
[Result "0-1"]
[WhiteElo "1977"]
[BlackElo "1981"]

1. Nf3 d5 2. c4 d4 3. b4 g5 4. e3 Bg7 5. exd4 g4 6. Ng1 Qxd4 7. Nc3 Be6 8. Qa4+
c6 9. b5 Qf4 10. g3 Qd4 11. Rb1 Nf6 12. Bg2 O-O 13. Nge2 Qxc4 14. Rb4 Qc5 15.
d4 Qd6 16. Bf4 Qd7 17. O-O Nd5 18. Nxd5 Bxd5 19. Be5 Bxg2 20. Kxg2 cxb5 21. Qb3
a6 22. Bxg7 Kxg7 23. d5 Qf5 24. Rf4 Qg5 25. Qc3+ f6 26. Qc5 Nd7 27. Qxe7+ Rf7
28. Qe6 Ne5 29. Nd4 Rg8 30. Rf5 Qg6 31. Re1 Rff8 32. d6 Re8 33. Qd5 Qf7 34. Qe4
Rd8 35. Rf4 Kh8 36. Nf5 Rge8 37. Rc1 Ng6 38. Rc7 Rxe4 39. Rxf7 Nxf4+ 40. gxf4
Rxf4 41. Rxf6 Ra4 42. d7 Kg8 43. Rd6 Kf7 44. Nh6+ Ke7 45. Nf5+ Kf8 46. Rf6+ Kg8
47. Rd6 Rxa2 48. Nh6+ Kf8 49. Nf5 Rc2 50. Nd4 Rc7 51. Rh6 Rdxd7 52. Ne6+ Ke8
53. Nxc7+ Rxc7 54. Rb6 Kd8 55. Kg3 Rg7 56. Kh4 Kc7 57. Re6 b4 58. Kh5 a5 59.
Kh6 Rg6+ 0-1

[Event "Autumn Cup"]
[Site "Wellington Chess Club"]
[Date "2022.05.19"]
[Round "1.2"]
[White "Perrin, Brent"]
[Black "Symon, Christopher"]
[Result "1-0"]
[WhiteElo "1887"]
[BlackElo "1888"]

1. e4 c5 2. Nf3 Nc6 3. c3 g6 4. d4 cxd4 5. cxd4 Bg7 6. Be2 Nf6 7. Nc3 O-O 8.
O-O d6 9. Be3 e6 10. Qd2 Ng4 11. Bg5 Qb6 12. Rfd1 h6 13. Bh4 Kh7 14. Bg3 e5 15.
Nd5 Qd8 16. dxe5 dxe5 17. Rac1 f5 18. exf5 Bxf5 19. Bb5 Nd4 20. Nxd4 exd4 21.
Nf4 Qb6 22. Bd3 Ne5 23. Bxf5 Rxf5 24. Nd5 Qd8 25. Nc7 Rc8 26. Ne6 Qd7 27. Rxc8
Qxc8 28. Nxg7 Kxg7 29. Qxd4 1-0

[Event "Autumn Cup"]
[Site "Wellington Chess Club"]
[Date "2022.05.19"]
[Round "1.2"]
[White "Qu, Lucas"]
[Black "Darr, Samuel"]
[Result "0-1"]
[WhiteElo "1289"]
[BlackElo "1581"]

1. e4 e6 2. Nc3 d5 3. exd5 exd5 4. d4 c5 5. Bf4 Nf6 6. Nf3 Nc6 7. Be2 Qb6 8.
Nb5 Be7 9. Nc7+ Kd8 10. Nxa8 Qxb2 11. O-O cxd4 12. Re1 Bb4 13. Bc7+ Kd7 14.
Ne5+ Nxe5 15. Bxe5 Bxe1 16. Bg4+ Kc6 17. Bxd4 Bxg4 18. Bxb2 Bxd1 19. Rxd1 Bxf2+
20. Kxf2 Rxa8 21. Re1 Ne4+ 22. Kg1 f6 23. c4 Re8 24. cxd5+ Kxd5 25. Rd1+ Kc6
26. Rc1+ Kb6 27. Bd4+ Ka5 28. Re1 g6 29. Bxf6 Nxf6 30. Rd1 Re2 31. Ra1 Ka4 32.
Kf1 Rd2 33. Rb1 b5 34. Rb3 Rxa2 35. Rb1 Ne4 36. Kg1 b4 37. Re1 Nd2 38. Re7 b3
39. Re2 Nf3+ 40. gxf3 Rxe2 41. Kf1 Rxh2 42. Kg1 Ra2 43. f4 b2 44. Kg2 b1=Q+ 45.
Kg3 Qg1+ 46. Kf3 Ra3+ 47. Ke4 Qe3+ 48. Kd5 Rd3+ 49. Kc6 Qe4+ 0-1

[Event "Autumn Cup"]
[Site "Wellington Chess Club"]
[Date "2022.05.19"]
[Round "1.3"]
[White "Chen, Wei Kai"]
[Black "Pomeroy, Arthur"]
[Result "1/2-1/2"]
[WhiteElo "1987"]
[BlackElo "1987"]

1. Nf3 g6 2. e4 c5 3. d4 Bg7 4. Nc3 cxd4 5. Nxd4 Nc6 6. Be3 Nf6 7. Be2 O-O 8.
O-O d5 9. exd5 Nxd5 10. Nxd5 Qxd5 11. Nxc6 Qxc6 12. c3 Bf5 13. Bf3 Be4 14. Bxe4
Qxe4 15. Qb3 Rfd8 16. Rad1 b6 17. Rfe1 Qb7 18. a4 Bf6 19. a5 e6 20. axb6 axb6
21. h3 b5 22. Bc5 Qc6 1/2-1/2

[Event "Autumn Cup"]
[Site "Wellington Chess Club"]
[Date "2022.05.19"]
[Round "1.3"]
[White "Scott, Callum"]
[Black "Carlyle, Mathieson"]
[Result "1-0"]
[WhiteElo "1673"]
[BlackElo "1586"]

1. e4 e6 2. Nc3 d5 3. exd5 exd5 4. d4 Nf6 5. Bd3 Bb4 6. Bg5 O-O 7. Ne2 c5 8.
O-O c4 9. Bxf6 gxf6 10. Bxh7+ Kxh7 11. Nf4 Rh8 12. Ncxd5 Bd6 13. Re1 Bd7 14.
Re3 Kg8 15. Qf3 Rh4 16. g3 Bxf4 17. gxh4 Bxe3 18. Nxf6+ Kg7 19. Nh5+ Kg6 20.
fxe3 f5 21. Kf2 Bc6 22. Rg1+ Kf7 23. Qxf5+ Ke7 24. Rg7+ Kd6 25. Qe5# 1-0

[Event "Autumn Cup"]
[Site "Wellington Chess Club"]
[Date "2022.05.19"]
[Round "1.3"]
[White "Wilkins, Mark"]
[Black "Jackson, Ross"]
[Result "1/2-1/2"]
[WhiteElo "1933"]
[BlackElo "1923"]

1. d4 f5 2. Nc3 Nf6 3. Nf3 g6 4. e3 Bg7 5. Bd3 d6 6. e4 fxe4 7. Nxe4 Nxe4 8.
Bxe4 Nd7 9. c3 Nf6 10. Bd3 e6 11. O-O O-O 12. Re1 Bd7 13. Qb3 Qc8 14. Bg5 c6
15. Re2 Qc7 16. Rae1 Rae8 17. Bh4 Nh5 18. Bg3 Nxg3 19. hxg3 Bf6 20. Bc4 d5 21.
Bd3 b6 22. Qc2 Bc8 23. Ne5 c5 24. Qd2 c4 25. Bb1 Qg7 26. Kh2 Re7 27. Rh1 Bxe5
28. Rxe5 Ref7 29. f3 Rf6 30. Kg1 Bd7 31. Qg5 a5 32. a3 b5 33. Qd2 Rb8 34. Kf2
Qf8 35. Qc2 b4 36. axb4 axb4 37. g4 bxc3 38. bxc3 Qa3 39. Qc1 Rb2+ 40. Kg3 Qb3
41. Qh6 Rxb1 42. Qxh7+ Kf8 43. Qh8+ Ke7 44. Rh7+ Rf7 45. Rxf7+ Kxf7 46. Qh7+
Ke8 47. Qxg6+ Kd8 48. Qf6+ Kc7 49. Rg5 Qxc3 50. Rg8 Qe1+ 51. Kf4 Qd2+ 52. Kg3
Qe1+ {Draw agreed} 1/2-1/2

[Event "Autumn Cup"]
[Site "Wellington Chess Club"]
[Date "2022.05.19"]
[Round "1.3"]
[White "Winter, Ryan"]
[Black "Sole, Michael"]
[Result "1/2-1/2"]
[WhiteElo "2173"]
[BlackElo "2095"]

1. e4 c6 2. d4 d5 3. exd5 cxd5 4. c4 Nf6 5. Nc3 Nc6 6. Nf3 a6 7. Be2 g6 8. Bg5
Be6 9. O-O Bg7 10. c5 O-O 11. h3 Ne4 12. Be3 Nxc5 13. dxc5 d4 14. Nxd4 Nxd4 15.
Rc1 Rc8 16. b4 Qd7 17. Qd2 Rfd8 18. Rfd1 Qc6 19. Qe1 Nxe2+ 20. Qxe2 Bf6 21. a3
Bb3 22. Re1 Rd7 23. Qb2 Bd5 24. f3 Rcd8 25. Qc2 Be6 26. Ne4 Bg7 27. Nf2 Qb5 28.
Kh1 a5 29. Rb1 axb4 30. Rxb4 Qa6 31. Reb1 Qxa3 32. Bf4 Ba2 33. Rxb7 Bxb1 34.
Rxb1 e5 35. Bg5 Rc8 36. Ne4 Qa6 37. Qb3 h6 38. Bh4 g5 39. Bf2 Qd3 40. Qb6 Rdd8
41. Ra1 Rb8 42. Qc7 Qd7 43. Qa5 Qb5 44. Qxb5 Rxb5 45. g4 Bf8 46. Ra7 Rc8 47.
Rd7 Bxc5 1/2-1/2

[Event "Autumn Cup"]
[Site "Wellington Chess Club"]
[Date "2022.05.19"]
[Round "1.4"]
[White "Turner, Giles"]
[Black "Lynch, Oscar"]
[Result "0-1"]
[WhiteElo "1265"]
[BlackElo "1487"]

1. e4 d5 2. exd5 Nf6 3. d4 Bg4 4. Be2 Bxe2 5. Nxe2 Qxd5 6. O-O Nc6 7. c3 O-O-O
8. Bf4 e5 9. Bg3 exd4 10. cxd4 Nxd4 11. Nbc3 Qd7 12. Nxd4 Qxd4 13. Qb3 Qb6 14.
Rac1 Qxb3 15. axb3 Bd6 16. Rfe1 Bxg3 17. hxg3 Rhe8 18. Ra1 a6 19. b4 Rd2 20.
Rab1 Rxe1+ 21. Rxe1 Kd7 22. f4 b5 23. Kh2 Rxb2 24. Rd1+ Kc8 25. Rd4 Rc2 26. Nd5
Nxd5 27. Rxd5 Rc4 28. Re5 Kd7 29. f5 f6 30. Re2 Rxb4 31. Kh3 a5 32. g4 a4 33.
Kh4 a3 34. Ra2 Ra4 35. Kh5 b4 0-1

[Event "Autumn Cup"]
[Site "Wellington Chess Club"]
[Date "2022.05.19"]
[Round "1.5"]
[White "Cooke, Xandi"]
[Black "Mavaram, Eashan"]
[Result "1-0"]
[WhiteElo "1433"]
[BlackElo "1217"]

1. d4 Nf6 2. c4 e6 3. Nc3 Bb4 4. Qc2 O-O 5. Nf3 d5 6. a3 Bxc3+ 7. Qxc3 Re8 8.
Bg5 Nbd7 9. Rc1 c6 10. e3 h6 11. Bh4 Qe7 12. Bd3 Nf8 13. Qc2 Bd7 14. e4 g5 15.
Bg3 dxe4 16. Bxe4 N6h7 17. Bd3 f6 18. O-O Rac8 19. Rfe1 c5 20. dxc5 Rxc5 21. b4
Rcc8 22. c5 Qg7 23. Nd2 f5 24. Be5 Qf7 25. Nc4 Rc6 26. Nd6 Qe7 27. Nxe8 Qxe8
28. Bb5 Rc8 29. Bxd7 Qxd7 30. Rcd1 Qf7 31. Qc4 b6 32. c6 Qh5 33. Rd6 Qe8 34. b5
g4 35. Bf4 Ng6 36. Rexe6 Nxf4 37. Rxe8+ Kg7 38. Rxc8 Nf6 39. Rc7+ Kg6 40. Qf7+
Kg5 41. Qxf6+ Kh5 42. Qxh6# 1-0

[Event "Autumn Cup"]
[Site "Wellington Chess Club"]
[Date "2022.05.19"]
[Round "1.6"]
[White "Asher, Bruce"]
[Black "Mangera, Muhammad"]
[Result "0-1"]
[WhiteElo "1101"]
[BlackElo "1367"]

1. e4 e5 2. Nf3 Nc6 3. Bc4 Bc5 4. Nc3 Nf6 5. d3 d6 6. O-O O-O 7. Bg5 h6 8. Bxf6
Qxf6 9. Nd5 Qd8 10. h3 Ne7 11. c3 Nxd5 12. Bxd5 c6 13. Bc4 d5 14. exd5 cxd5 15.
Bb3 e4 16. dxe4 dxe4 17. Nd4 Qg5 18. g4 e3 19. Qe2 exf2+ 20. Qxf2 Be6 21. Qf3
Bxb3 22. axb3 f5 23. Qd5+ Kh8 24. Qxc5 Qe3+ 25. Kg2 Qe4+ 26. Nf3 fxg4 27. hxg4
Qxg4+ 28. Kh1 Rxf3 29. Rxf3 Qxf3+ 30. Kh2 Re8 31. Rh1 Re2+ 32. Kg1 Qg2# 0-1

[Event "Autumn Cup"]
[Site "Wellington Chess Club"]
[Date "2022.05.26"]
[Round "2.1"]
[White "Brockway, Andrew"]
[Black "Carlyle, Mathieson"]
[Result "1-0"]
[WhiteElo "1723"]
[BlackElo "1586"]

1. e4 e6 2. d4 d5 3. Nd2 Nf6 4. e5 Nfd7 5. Bd3 b6 6. c3 Be7 7. Ne2 Ba6 8. Nf3
c5 9. O-O Bxd3 10. Qxd3 Nf8 11. Bf4 Nbd7 12. Bg3 h6 13. Nf4 g5 14. Nh5 Ng6 15.
Ng7+ Kf8 16. Nxe6+ fxe6 17. Qxg6 h5 18. Qxe6 h4 19. Qf5+ Kg7 20. e6 Rf8 21.
Be5+ Kh6 22. Qg4 Nxe5 23. Nxe5 Rf4 24. Qxf4 gxf4 25. Nf7+ Kg6 26. Nxd8 Rxd8 27.
Rfe1 Bf6 28. dxc5 bxc5 29. Rad1 d4 30. e7 1-0

[Event "Autumn Cup"]
[Site "Wellington Chess Club"]
[Date "2022.05.26"]
[Round "2.1"]
[White "Cilia Vincenti, David"]
[Black "Sole, Michael"]
[Result "0-1"]
[WhiteElo "2194"]
[BlackElo "2095"]

1. Nf3 d5 2. e3 c5 3. b3 Nc6 4. Bb2 f6 5. d4 cxd4 6. Nxd4 e5 7. Nxc6 bxc6 8. c4
Be6 9. cxd5 cxd5 10. Bb5+ Kf7 11. O-O Bc5 12. Nc3 Ne7 13. Na4 Bb4 14. a3 Bd6
15. b4 Rc8 16. Qd2 Rc7 17. Rac1 Rxc1 18. Rxc1 Qb8 19. Qe2 Rc8 20. Nc5 Bxc5 21.
Rxc5 Rxc5 22. bxc5 Qc7 23. Qc2 g6 24. h3 Bd7 25. a4 Bc6 26. Qc3 a6 27. Bxa6
Bxa4 28. Qb4 Qc6 29. Qb6 g5 30. Ba3 Qd7 31. Qb8 Qe8 32. Qd6 Qc6 33. g4 Qxd6 34.
cxd6 Ng6 35. Bb7 Ke6 36. Kg2 e4 37. Kg3 Ne5 38. h4 Nf7 39. hxg5 fxg5 40. f4
exf3 41. Kxf3 Bd1+ 42. Kg3 Nxd6 43. Ba6 Bc2 44. Bb2 Bg6 45. Bd4 Bf7 46. Bd3 Bg6
47. Bxg6 hxg6 48. Kf3 Ne4 49. Bb6 Kd7 50. Bd4 Kc6 51. Be5 Kb5 52. Bd4 Kc4 53.
Be5 Kd3 54. Bd4 Kd2 55. Be5 Ke1 56. Bd4 Kf1 57. Bb6 Nd2+ 58. Kg3 Ke2 0-1

[Event "Autumn Cup"]
[Site "Wellington Chess Club"]
[Date "2022.05.26"]
[Round "2.1"]
[White "Lynch, Oscar"]
[Black "Rossiter, Philip"]
[Result "0-1"]
[WhiteElo "1487"]
[BlackElo "1779"]

1. d4 Nf6 2. c4 e6 3. Bg5 Bb4+ 4. Nd2 h6 5. Bf4 Nc6 6. a3 Bxd2+ 7. Qxd2 d6 8.
e3 Qe7 9. Bd3 Bd7 10. Nf3 O-O 11. O-O-O e5 12. d5 exf4 13. dxc6 fxe3 14. fxe3
Bxc6 15. Nd4 Be4 16. Nf5 Qe5 17. Rdf1 Rae8 18. Bxe4 Nxe4 19. Qe2 Re6 20. Rf4
Nc5 21. Rhf1 Rf6 22. g4 Ne6 23. R4f2 Qe4 24. h4 Nc5 25. Nd4 Nd3+ 26. Kd2 Nxf2
27. Rxf2 Rxf2 28. Qxf2 Qxg4 29. Nf5 Re8 30. Qf4 Qxf4 31. exf4 Re4 32. Kd3 Rxf4
33. Ne7+ Kf8 34. Nd5 Rxh4 35. Nxc7 Ke7 36. Nb5 a6 37. Nd4 Rxd4+ 38. Kc3 Rd1 39.
Kc2 Rg1 40. Kb3 h5 41. Kc2 h4 42. Kc3 h3 43. Kc2 h2 44. Kc3 h1=Q 45. Kb4 Rb1
46. Ka5 Rxb2 47. Ka4 b5+ 48. Ka5 Qe1+ 49. Kxa6 bxc4 50. Ka7 Qa5# 0-1

[Event "Autumn Cup"]
[Site "Wellington Chess Club"]
[Date "2022.05.26"]
[Round "2.1"]
[White "Van der Hoorn, Thomas"]
[Black "Pomeroy, Arthur"]
[Result "1/2-1/2"]
[WhiteElo "1999"]
[BlackElo "1987"]

1. e4 c5 2. Nf3 d6 3. d4 cxd4 4. Nxd4 Nf6 5. Nc3 a6 6. Bc4 b5 7. Bb3 e6 8. Be3
Be7 9. Qe2 O-O 10. O-O-O Qc7 11. g4 Nc6 12. g5 Nxd4 13. Bxd4 Nd7 14. h4 Bb7 15.
Rdg1 Nc5 16. h5 Nxb3+ 17. axb3 e5 18. Be3 f5 19. gxf6 Bxf6 20. Rg3 b4 21. Nd5
Bxd5 22. exd5 Rac8 23. Rhg1 Rf7 24. Bg5 Bxg5+ 25. Rxg5 Qc5 26. Qd2 Rxf2 27.
Rxg7+ Kh8 28. Qd3 Rxc2+ (28... Qxc2+ 29. Qxc2 Rfxc2+ 30. Kb1 Rc1+ 31. Ka2 Rxg1
32. Rxg1 Rc5) 29. Kd1 Rc1+ 30. Ke2 Rc2+ 31. Kd1 Rc1+ 32. Ke2 Rc2+ (32... Qc2+
33. Qxc2 R1xc2+ 34. Ke3 Rxb2 35. Rd7 Rg8 36. Rxg8+ Kxg8 37. Rxd6) 33. Kd1 Rc1+
34. Ke2 1/2-1/2

[Event "Autumn Cup"]
[Site "Wellington Chess Club"]
[Date "2022.05.26"]
[Round "2.1"]
[White "Young, Cohen"]
[Black "Malcolm, Aidan"]
[Result "1-0"]
[WhiteElo "1860"]
[BlackElo "1787"]

1. d4 c5 2. Nf3 Nf6 3. d5 d6 4. Nc3 g6 5. e4 Bg7 6. h3 O-O 7. Bc4 Na6 8. O-O
Nc7 9. a4 a6 10. a5 Rb8 11. Qd3 Nd7 12. Be3 f5 13. exf5 Rxf5 14. Bg5 Ne5 15.
Nxe5 Rxg5 16. Nf3 Rf5 17. Rfe1 b5 18. axb6 Rxb6 19. Na4 Rb4 20. c3 Rb8 21. Qe3
Bd7 22. Qxe7 Bxa4 23. Qxd8+ Rxd8 24. Rxa4 Kf8 25. Bxa6 Nxd5 26. Bd3 Rf4 27. Ra7
c4 28. Bc2 Rf7 29. Ra4 Nb6 30. Rb4 Rb8 31. Ng5 Re7 32. Nxh7+ Kf7 33. Rxe7+ Kxe7
34. Bxg6 Be5 35. Be4 d5 36. Bc2 Ra8 37. g4 Ra1+ 38. Kg2 Nc8 39. Rb7+ Kd6 40.
Bf5 Kc6 41. Bxc8 Ra8 42. Re7 Bd6 43. Bb7+ Kb6 44. Bxa8 Bxe7 45. Bxd5 1-0

[Event "Autumn Cup"]
[Site "Wellington Chess Club"]
[Date "2022.05.26"]
[Round "2.1"]
[White "Zaslow, Henry"]
[Black "Jackson, Ross"]
[Result "1-0"]
[WhiteElo "1938"]
[BlackElo "1923"]

1. e4 d5 2. exd5 Qxd5 3. Nc3 Qa5 4. d4 c6 5. Nf3 Nf6 6. Bc4 Bf5 7. Ne5 e6 8.
O-O Be7 9. g4 Bg6 10. h4 h5 11. Nxg6 fxg6 12. Qd3 hxg4 13. Qxg6+ Kd8 14. Bg5
Qf5 15. Qf7 Rf8 16. Qxg7 Rg8 17. Qf7 Rf8 18. Qxe6 Qxc2 19. d5 Ng8 20. dxc6 bxc6
21. Bxe7+ Nxe7 22. Rad1+ Ke8 23. Bd3 1-0

[Event "Autumn Cup"]
[Site "Wellington Chess Club"]
[Date "2022.05.26"]
[Round "2.2"]
[White "Aldridge, Alan"]
[Black "Scott, Callum"]
[Result "1-0"]
[WhiteElo "1777"]
[BlackElo "1673"]

1. d4 d5 2. c4 c6 3. Nc3 Nf6 4. Nf3 Bg4 5. e3 e6 6. cxd5 exd5 7. Be2 Bd6 8. O-O
O-O 9. a3 Nbd7 10. Rb1 Re8 11. Re1 b5 12. h3 Bf5 13. Bd3 Bg6 14. Qc2 a5 15.
Bxg6 hxg6 16. b3 Rc8 17. Bb2 Ne4 18. Rbc1 Ng5 19. Qe2 Nxf3+ 20. Qxf3 Nf6 21.
Re2 Qe7 22. a4 b4 23. Nb1 Ne4 24. Rec2 c5 25. dxc5 Rxc5 26. Bd4 Rxc2 27. Rxc2
Qd7 28. Qg4 Qb7 29. h4 Be5 30. Bxe5 Rxe5 31. Qc8+ Qxc8 32. Rxc8+ Kh7 33. f3 Nf6
34. Kf2 g5 35. hxg5 Rxg5 36. Nd2 Rf5 37. Ke2 Re5 38. Rc5 Re7 39. Rxa5 Nh5 40.
Kf2 d4 41. exd4 Nf4 42. Ne4 Rc7 43. Nc5 Re7 44. Ne4 Rc7 45. Kg3 Ne2+ 46. Kg4
Nxd4 47. Ng5+ Kg6 48. Ra6+ f6 49. Ne6 Rd7 50. Nf8+ Kh6 51. Nxd7 Nxb3 52. Rb6
Nd4 1-0

[Event "Autumn Cup"]
[Site "Wellington Chess Club"]
[Date "2022.05.26"]
[Round "2.2"]
[White "Archer, Ollie"]
[Black "Wilkins, Mark"]
[Result "1-0"]
[WhiteElo "1981"]
[BlackElo "1933"]

1. d4 Nf6 2. c4 e6 3. Nf3 Bb4+ 4. Nbd2 O-O 5. a3 Be7 6. e4 d6 7. Bd3 Nbd7 8. e5
dxe5 9. dxe5 Ng4 10. Qe2 Ngxe5 11. Nxe5 Nxe5 12. Bxh7+ Kxh7 13. Qxe5 Rh8 14.
O-O Bd6 15. Qe4+ Kg8 16. Nf3 f5 17. Qe3 b6 18. b4 Qf6 19. Bd2 Bb7 20. h3 Rd8
21. Bc3 Qg6 22. Qg5 Qxg5 23. Nxg5 Rh6 24. f4 Be7 25. Rad1 Bc8 26. Rxd8+ Bxd8
27. Be5 c6 28. c5 Bf6 29. Rd1 Bxg5 30. fxg5 Rh8 31. g6 1-0

[Event "Autumn Cup"]
[Site "Wellington Chess Club"]
[Date "2022.05.26"]
[Round "2.2"]
[White "Darr, Samuel"]
[Black "Cooke, Xandi"]
[Result "0-1"]
[WhiteElo "1581"]
[BlackElo "1433"]

1. e4 c5 2. Nf3 e6 3. d4 cxd4 4. Nxd4 a6 5. Nc3 Qc7 6. a3 Nc6 7. g3 Nf6 8. Bg2
b5 9. Be3 Bb7 10. b4 Be7 11. O-O Rc8 12. Nde2 O-O 13. Qd2 Ne5 14. Bf4 Nc4 15.
Qd4 e5 16. Bxe5 Qxe5 17. Qa7 Qc7 18. e5 Bxg2 19. Qxc7 Rxc7 20. exf6 Bxf6 21.
Kxg2 Nb6 22. Nxb5 axb5 23. Ra2 Re8 24. Nf4 Bg5 25. Nd3 Re2 26. Ne1 Rc3 27. Kg1
Bc1 28. a4 bxa4 29. b5 a3 30. Nd3 Rxd3 31. Rxc1 Rc3 32. Kf1 Re5 33. Rb1 Rec5
34. Re1 Kf8 35. Re3 Rxe3 0-1

[Event "Autumn Cup"]
[Site "Wellington Chess Club"]
[Date "2022.05.26"]
[Round "2.2"]
[White "Ker, Anthony"]
[Black "Winter, Ryan"]
[Result "1/2-1/2"]
[WhiteElo "2443"]
[BlackElo "2173"]

1. e4 c6 2. d4 d5 3. exd5 cxd5 4. Bd3 Nc6 5. c3 Qc7 6. Ne2 Bg4 7. f3 Bd7 8. f4
e6 9. Nd2 Nf6 10. Nf3 Bd6 11. Ne5 O-O 12. O-O Be8 13. Ng3 Nd7 14. Qe2 Ne7 15.
Bd2 f6 16. Ng4 Bf7 17. Rae1 Rae8 18. Qd1 Kh8 19. Kh1 Bg8 20. Rf3 Nc6 21. Ref1
e5 22. fxe5 fxe5 23. Rxf8 Rxf8 24. Rxf8 Bxf8 25. dxe5 Ndxe5 26. Bf4 Nxg4 27.
Qxg4 Qe7 28. h3 Ne5 29. Qf5 Nxd3 30. Qxd3 Qe1+ 31. Kh2 Bc5 32. Ne2 Qf1 33. Qd2
Qf2 34. Be5 Qf5 35. Qf4 Qxf4+ 36. Nxf4 Bf7 37. Kg3 Kg8 38. Kf3 Kf8 39. h4 g6
40. Bf6 Ke8 41. Nd3 Bd6 42. Bd4 a6 43. Bc5 Bc7 44. Bd4 Bd6 45. a3 Be6 46. Be5
Bf5 47. Bxd6 Bxd3 48. Kf4 Kd7 49. Ke5 Kc6 50. g4 h5 51. g5 Bc2 52. Bf8 a5 53.
Kd4 1/2-1/2